000 00301nam a22001337a 4500
008 180201b xxu||||| |||| 00| 0 eng d
020 _a0814141511922
041 _aeng
080 _a7
100 _a44
101 _aart
245 _ateaching the art of literature
_cbruce.e.m
942 _2udc
_cBK
999 _c41522
_d41522